000 00588nam a2200229Ia 4500
003 OSt
005 20220926044415.0
006 a|||||r|||| 00| 0
007 ta
008 220923b |||||||| |||| 00| 0 eng d
037 _cGeneral Book
040 _aRTL
_cRTL
_beng
041 _2eng
_aeng
082 _aX71.2.N5, J1
110 _aMinistry of Finance (1951-52)
_9349000
245 0 _aIndian finance
260 _c1951
300 _a256p.
_ccm.
700 _aMinistry of Finance (1951-52)
_9349001
942 _hX71.2.N5, J1
_cGB
_2CC
999 _c674819
_d674819